The font and the table/ (Record no. 123715)
[ view plain ]
| 000 -LEADER | |
|---|---|
| fixed length control field | 00770nam a22002651 4500 |
| 001 - CONTROL NUMBER | |
| control field | 3596644 |
| 005 - DATE AND TIME OF LATEST TRANSACTION | |
| control field | 20151104091228.0 |
| 008 - FIXED-LENGTH DATA ELEMENTS--GENERAL INFORMATION | |
| fixed length control field | 710406s1967 enk b 000 0 eng |
| 010 ## - LIBRARY OF CONGRESS CONTROL NUMBER | |
| LC control number | 68093190 |
| 015 ## - NATIONAL BIBLIOGRAPHY NUMBER | |
| National bibliography number | B67-8323 |
| 040 ## - CATALOGING SOURCE | |
| Original cataloging agency | DLC |
| Transcribing agency | DLC |
| Modifying agency | DLC |
| 050 00 - LIBRARY OF CONGRESS CALL NUMBER | |
| Classification number | BV811.2 |
| Item number | .A7 1967 |
| 082 00 - DEWEY DECIMAL CLASSIFICATION NUMBER | |
| Classification number | 234/.16/1 |
| 100 1# - MAIN ENTRY--PERSONAL NAME | |
| Personal name | Arndt, Elmer J. F. |
| 9 (RLIN) | 20851 |
| 245 14 - TITLE STATEMENT | |
| Title | The font and the table/ |
| Statement of responsibility, etc | by Elmer J. F. Arndt. |
| 260 ## - PUBLICATION, DISTRIBUTION, ETC. (IMPRINT) | |
| Place of publication, distribution, etc | London, |
| Name of publisher, distributor, etc | Lutterworth P., |
| Date of publication, distribution, etc | 1967. |
| 300 ## - PHYSICAL DESCRIPTION | |
| Extent | 88 p. |
| Dimensions | 22 cm. |
| 350 ## - PRICE (NR) (BK AM CF MU VM SE) [OBSOLETE] | |
| Price | 12/6 |
| 440 #0 - SERIES STATEMENT/ADDED ENTRY--TITLE | |
| Title | Ecumenical studies in worship, |
| Volume number/sequential designation | no. 16 |
| 9 (RLIN) | 20852 |
| 504 ## - BIBLIOGRAPHY, ETC. NOTE | |
| Bibliography, etc | Bibliographical footnotes. |
| 650 #0 - SUBJECT ADDED ENTRY--TOPICAL TERM | |
| Topical term or geographic name as entry element | Baptism. |
| 9 (RLIN) | 20853 |
| 650 #0 - SUBJECT ADDED ENTRY--TOPICAL TERM | |
| Topical term or geographic name as entry element | Lord's Supper. |
| 9 (RLIN) | 20854 |
| 906 ## - LOCAL DATA ELEMENT F, LDF (RLIN) | |
| a | 7 |
| b | cbc |
| c | orignew |
| d | u |
| e | opcn |
| f | 19 |
| g | y-gencatlg |
| 942 ## - ADDED ENTRY ELEMENTS (KOHA) | |
| Source of classification or shelving scheme | Library of Congress Classification |
| Item type | Monograph ( Printed materials) |
| Withdrawn status | Lost status | Source of classification or shelving scheme | Damaged status | Not for loan | Collection code | Home library | Current library | Shelving location | Date acquired | Total Checkouts | Full call number | Barcode | Date last seen | Price effective from | Koha item type |
|---|---|---|---|---|---|---|---|---|---|---|---|---|---|---|---|
| Library of Congress Classification | Main Collection | ARRUPE LIBRARY | ARRUPE LIBRARY | Main Collection | 04/11/2015 | BV811.2 .A7 1967 | 80005002633 | 24/01/2017 | 04/11/2015 | Monograph ( Printed materials) |